[Event "Scarborough CC LH Summer U1700"]
[Site "Toronto CAN"]
[Date "2010.06.10"]
[Round "6"]
[White "Su, Stanley"]
[Black "Yie, Kevin"]
[Result "1-0"]
[WhiteElo "1422"]
[BlackElo "1332"]
[PlyCount "111"]
[EventDate "2010.04.29"]
[EventType "swiss"]
[EventRounds "8"]
[EventCountry "CAN"]

1. e4 e5 2. Nf3 Nc6 3. Bc4 Nf6 4. O-O Bc5 5. Nc3 O-O 6. a3 d6 7. h3 h6 8. Re1
Be6 9. d3 Bxc4 10. dxc4 Qe7 11. Na4 Bb6 12. Nxb6 axb6 13. c3 Qe6 14. Qd3 Na5
15. Nd2 Nc6 16. Nf1 Qd7 17. Qg3 Kh8 18. f3 Na5 19. Ne3 Nb3 20. Rb1 Nxc1 21.
Rbxc1 Ne8 22. Rcd1 Qd8 23. Rf1 Qe7 24. f4 exf4 25. Qxf4 Nf6 26. Nd5 Nxd5 27.
cxd5 Qd7 28. Rf3 Rae8 29. Rd2 Qe7 30. Re2 f6 31. Qg4 Qf7 32. Rfe3 Qg8 33. Qg6
Qf7 34. Qxf7 Rxf7 35. Kf2 Kg8 36. Kf3 Rd7 37. Kf2 Rde7 38. Rd3 Ra8 39. g4 g5
40. Kg3 Kg7 41. h4 Rf7 42. Rf3 Raf8 43. Rf5 Kg6 44. h5+ Kg7 45. Kf3 Kh7 46. Ke3
Kg7 47. Kd4 Kh7 48. c4 Kg7 49. Re3 Kh7 50. b4 Kg7 51. Rf2 Ra8 52. Rb2 Kf8 53.
c5 dxc5+ 54. bxc5 bxc5+ 55. Kxc5 b6+ 56. Kc6 1-0

[Event "Scarborough CC LH Summer U1700"]
[Site "Toronto CAN"]
[Date "2010.06.10"]
[Round "6"]
[White "Vasantharajan, Seyon"]
[Black "Roy, Harrison"]
[Result "1-0"]
[WhiteElo "858"]
[BlackElo "904"]
[PlyCount "65"]
[EventDate "2010.04.29"]
[EventType "swiss"]
[EventRounds "8"]
[EventCountry "CAN"]

1. e4 e5 2. Nf3 Nf6 3. Nc3 Bb4 4. a3 Bxc3 5. bxc3 Nc6 6. Bb5 O-O 7. d3 Ne7 8.
Nxe5 d6 9. Nf3 c6 10. Bc4 Bg4 11. h3 Bh5 12. O-O d5 13. exd5 cxd5 14. Ba2 Re8
15. Bg5 Nf5 16. g4 Nxg4 17. Bxd8 Raxd8 18. hxg4 Bxg4 19. Kg2 Nh4+ 20. Nxh4 Bxd1
21. Raxd1 Rc8 22. Rfe1 h6 23. Rxe8+ Rxe8 24. Bxd5 b6 25. Nf3 g5 26. Re1 Rf8 27.
Ne5 Kh8 28. Nxf7+ Kg7 29. Re7 h5 30. Nxg5+ Kf6 31. Nh7+ Kxe7 32. Nxf8 Kxf8 33.
Bf3 1-0

[Event "Scarborough CC LH Summer U1700"]
[Site "Toronto CAN"]
[Date "2010.06.17"]
[Round "7"]
[White "Aghamalian, Derick"]
[Black "Rogers, Michael"]
[Result "1/2-1/2"]
[WhiteElo "1320"]
[BlackElo "1536"]
[PlyCount "94"]
[EventDate "2010.04.29"]
[EventType "swiss"]
[EventRounds "8"]
[EventCountry "CAN"]

1. e4 e5 2. Nf3 Nc6 3. Bc4 Nf6 4. d3 Be7 5. Nc3 d6 6. Be3 Bg4 7. h3 Bh5 8. g4
Bg6 9. Qe2 Na5 10. Bb3 c6 11. O-O-O O-O 12. Nh4 Nxb3+ 13. cxb3 Qc7 14. Kb1 b5
15. Nxg6 fxg6 16. Rc1 Qb7 17. Qc2 d5 18. g5 Nh5 19. Nd1 d4 20. Bd2 c5 21. h4
Kh8 22. a3 a5 23. a4 Rfc8 24. axb5 Qxb5 25. Qc4 Qb6 26. Rf1 Rcb8 27. Kc2 Rb7
28. Ra1 Rba7 29. f4 exf4 30. Rf2 Bd6 31. Rf3 Qc6 32. Nf2 a4 33. Rxa4 Rxa4 34.
bxa4 Qxa4+ 35. Qxa4 Rxa4 36. Nh3 c4 37. Nxf4 cxd3+ 38. Kxd3 Nxf4+ 39. Bxf4 Bxf4
40. Rxf4 Kg8 41. e5 Rb4 42. Rxd4 Rxb2 43. e6 Kf8 44. Re4 Ke7 45. Kd4 Rb4+ 46.
Kd5 Rxe4 47. Kxe4 Kxe6 1/2-1/2

[Event "Scarborough CC LH Summer U1700"]
[Site "Toronto CAN"]
[Date "2010.06.17"]
[Round "7"]
[White "Aghamalian, Leonid"]
[Black "Liu, Peter"]
[Result "0-1"]
[WhiteElo "1560"]
[BlackElo "1125"]
[PlyCount "74"]
[EventDate "2010.04.29"]
[EventType "swiss"]
[EventRounds "8"]
[EventCountry "CAN"]

1. e4 c5 2. Nf3 d6 3. d4 cxd4 4. Nxd4 Nf6 5. Nc3 g6 6. Be2 Bg7 7. Be3 O-O 8.
O-O Nc6 9. Qd2 d5 10. Nxc6 bxc6 11. Rfe1 Be6 12. e5 Ng4 13. f4 Nxe3 14. Qxe3
Bh6 15. Qg3 Qb6+ 16. Kh1 Qxb2 17. Rec1 Bxf4 18. Qxf4 Qxc3 19. Bd3 f6 20. h4
Qxe5 21. Qh6 Qh5 22. Qxh5 gxh5 23. Re1 Bg4 24. Rxe7 Rfe8 25. Rxh7 Be2 26. Rc7
Bxd3 27. cxd3 Re3 28. Rxc6 Rxd3 29. Rxf6 Rd4 30. g3 Rd3 31. Kg2 Rd2+ 32. Rf2
Rxf2+ 33. Kxf2 Kf7 34. Ke3 Ke6 35. Kd4 Rg8 36. Re1+ Kd6 37. Re5 Rg4+ 0-1

[Event "Scarborough CC LH Summer U1700"]
[Site "Toronto CAN"]
[Date "2010.06.17"]
[Round "7"]
[White "Karpik, Steve"]
[Black "Termeer, Ted"]
[Result "1/2-1/2"]
[WhiteElo "1494"]
[BlackElo "1530"]
[PlyCount "71"]
[EventDate "2010.04.29"]
[EventType "swiss"]
[EventRounds "8"]
[EventCountry "CAN"]

1. Nf3 d5 2. c4 e6 3. g3 c6 4. cxd5 cxd5 5. Bg2 Nc6 6. O-O Nf6 7. a3 Bd6 8. Nc3
a6 9. d4 h6 10. b4 O-O 11. Bd2 Ne4 12. e3 f5 13. Na4 b5 14. Nc5 Nxc5 15. dxc5
Be7 16. Bc3 Bf6 17. Qc1 Bb7 18. Qb2 Qe7 19. Nd4 Nxd4 20. Bxd4 Bc6 21. Be5 Bxe5
22. Qxe5 Rad8 23. Rad1 g5 24. Rd4 Rf7 25. f4 Qf6 26. Qxf6 Rxf6 27. Rfd1 Rdf8
28. Re1 g4 29. Kf2 h5 30. h4 Ra8 31. Ra1 Rff8 32. Rb1 a5 33. Bf1 a4 34. Bg2
Rad8 35. Rbd1 Rd7 36. Ke2 1/2-1/2

[Event "Scarborough CC LH Summer U1700"]
[Site "Toronto CAN"]
[Date "2010.06.17"]
[Round "7"]
[White "Orsini, Mike"]
[Black "Song, Lin"]
[Result "0-1"]
[WhiteElo "1412"]
[BlackElo "1448"]
[PlyCount "70"]
[EventDate "2010.04.29"]
[EventType "swiss"]
[EventRounds "8"]
[EventCountry "CAN"]

1. Nf3 Nc6 2. e4 e5 3. d3 Nf6 4. Nbd2 d6 5. g3 Be7 6. Bg2 h6 7. c3 d5 8. O-O
dxe4 9. dxe4 Be6 10. Qa4 Bd6 11. Nxe5 Bxe5 12. f4 Bd4+ 13. cxd4 Qxd4+ 14. Qxd4
Nxd4 15. e5 Nd5 16. Be4 Ne3 17. Rf2 Nec2 18. Rb1 Bxa2 19. b3 Bxb1 20. Nxb1 Nb4
21. Bxb7 Rd8 22. Nc3 Nd3 23. Rf1 Nxc1 24. Rxc1 Rb8 25. Bd5 c6 26. Bc4 O-O 27.
Ra1 Nxb3 28. Rxa7 Nd2 29. Bd3 Rb3 30. Bf5 Rxc3 31. e6 fxe6 32. Bxe6+ Kh8 33. f5
Rc2 34. h4 Nf3+ 35. Kf1 Rd8 0-1

[Event "Scarborough CC LH Summer U1700"]
[Site "Toronto CAN"]
[Date "2010.06.17"]
[Round "7"]
[White "Su, Stanley"]
[Black "Smith, Maurice"]
[Result "1-0"]
[WhiteElo "1422"]
[BlackElo "1648"]
[PlyCount "55"]
[EventDate "2010.04.29"]
[EventType "swiss"]
[EventRounds "8"]
[EventCountry "CAN"]

1. e4 c5 2. Nf3 d6 3. d4 cxd4 4. Nxd4 Nf6 5. Nc3 g6 6. Be3 Bg7 7. f3 O-O 8. Qd2
Nc6 9. O-O-O Bd7 10. h4 h5 11. Bh6 Nxd4 12. Bxg7 Nb3+ 13. cxb3 Kxg7 14. Kb1 Rc8
15. Be2 Qa5 16. Rdg1 Rc7 17. g4 Rfc8 18. gxh5 Nxh5 19. f4 Rh8 20. f5 Bc6 21.
Qg5 Qe5 22. Bxh5 Bxe4+ 23. Nxe4 Qxe4+ 24. Ka1 Rc5 25. Bxg6 f6 26. Qg3 Qe5 27.
Qg4 Kf8 28. Bh5 1-0

[Event "Scarborough CC LH Summer U1700"]
[Site "Toronto CAN"]
[Date "2010.06.24"]
[Round "8"]
[White "Dattani, Dinesh"]
[Black "Al Ganabi, Yasir"]
[Result "1-0"]
[WhiteElo "1414"]
[BlackElo "1364"]
[PlyCount "55"]
[EventDate "2010.04.29"]
[EventType "swiss"]
[EventRounds "8"]
[EventCountry "CAN"]

1. e4 e5 2. Nf3 Nc6 3. d4 exd4 4. Nxd4 Bc5 5. Be3 d5 6. Nxc6 bxc6 7. Bxc5 Qf6
8. Nc3 dxe4 9. Bd4 Qg6 10. g3 Bg4 11. Be2 Bh3 12. Qd2 Rd8 13. Qe3 Bf5 14. O-O-O
Nf6 15. Bxf6 Rxd1+ 16. Rxd1 gxf6 17. Bf3 O-O 18. Bxe4 Re8 19. Bxf5 Rxe3 20.
Bxg6 Rf3 21. Be4 Rxf2 22. Bxc6 Rxh2 23. Nd5 Kg7 24. Nxc7 Kg6 25. Nd5 f5 26.
Nf4+ Kg5 27. Bf3 Rf2 28. Nh3+ 1-0

[Event "Scarborough CC LH Summer U1700"]
[Site "Toronto CAN"]
[Date "2010.06.24"]
[Round "8"]
[White "Moffat, Anthony"]
[Black "Su, Stanley"]
[Result "0-1"]
[WhiteElo "1300"]
[BlackElo "1422"]
[PlyCount "72"]
[EventDate "2010.04.29"]
[EventType "swiss"]
[EventRounds "8"]
[EventCountry "CAN"]

1. e4 e5 2. Nf3 Nc6 3. Nc3 Nf6 4. Bc4 Be7 5. O-O O-O 6. d4 exd4 7. Nxd4 Ne5 8.
Bg5 Nxc4 9. Rb1 d6 10. Re1 h6 11. Bxf6 Bxf6 12. Nd5 Re8 13. Qd3 Nb6 14. Nxf6+
Qxf6 15. Qb5 Bd7 16. Qd3 Re7 17. c3 Rae8 18. Re2 Qg6 19. Rbe1 d5 20. f3 dxe4
21. fxe4 Qd6 22. Qf3 Nc4 23. b3 Ne5 24. Qf2 Ng4 25. Qh4 Ne5 26. Re3 c5 27. Nf5
Bxf5 28. exf5 Nc6 29. Rxe7 Rxe7 30. Rf1 f6 31. Rf3 Ne5 32. Rf4 Qd2 33. h3 Qxc3
34. Re4 Qa1+ 35. Kh2 Qxa2 36. Re3 Ng4+ 0-1

[Event "Scarborough CC LH Summer U1700"]
[Site "Toronto CAN"]
[Date "2010.06.24"]
[Round "8"]
[White "Philip, Andrew"]
[Black "Aghamalian, Derick"]
[Result "1-0"]
[WhiteElo "1530"]
[BlackElo "1320"]
[PlyCount "88"]
[EventDate "2010.04.29"]
[EventType "swiss"]
[EventRounds "8"]
[EventCountry "CAN"]

1. d4 Nf6 2. Bg5 e6 3. e3 h6 4. Bh4 Be7 5. Bd3 d6 6. Nf3 Nc6 7. c3 Bd7 8. Nbd2
a6 9. O-O O-O 10. e4 Qb8 11. Qe2 Qa7 12. e5 Nd5 13. Qe4 g6 14. Bg3 Nb6 15. h4
d5 16. Qe3 Kg7 17. Bf4 Rh8 18. g3 Rac8 19. Kg2 Nd8 20. Nh2 h5 21. Bg5 Re8 22.
Bxe7 Rxe7 23. Qg5 Re8 24. g4 Rh8 25. Be2 Bb5 26. Bxb5 axb5 27. Ndf3 Qa4 28.
Qf6+ Kg8 29. Ng5 Qc4 30. Nxf7 Nxf7 31. Qxg6+ Kf8 32. g5 Qc6 33. Qf6 Kg8 34. f4
Nc4 35. Rae1 Nxb2 36. f5 Re8 37. Qg6+ Kf8 38. f6 Rg8 39. Qxh5 Qxc3 40. g6 Rd8
41. Qh7 Qc2+ 42. Kh1 Rxg6 43. Re2 Rg1+ 44. Kxg1 Qxh7 1-0

[Event "Scarborough CC LH Summer U1700"]
[Site "Toronto CAN"]
[Date "2010.06.24"]
[Round "8"]
[White "Rogers, Michael"]
[Black "Karpik, Steve"]
[Result "0-1"]
[WhiteElo "1536"]
[BlackElo "1494"]
[PlyCount "28"]
[EventDate "2010.04.29"]
[EventType "swiss"]
[EventRounds "8"]
[EventCountry "CAN"]

1. e4 d6 2. d4 Nf6 3. Nc3 g6 4. Be3 Bg7 5. Bd3 O-O 6. f4 Ng4 7. Qd2 Nxe3 8.
Qxe3 Nc6 9. Nf3 Bg4 10. e5 Bxf3 11. gxf3 e6 12. O-O-O Qh4 13. Nb5 dxe5 14. fxe5
Bh6 0-1

[Event "Scarborough CC LH Summer U1700"]
[Site "Toronto CAN"]
[Date "2010.06.24"]
[Round "8"]
[White "Roy, Harrison"]
[Black "Yie, Kevin"]
[Result "0-1"]
[WhiteElo "904"]
[BlackElo "1332"]
[PlyCount "62"]
[EventDate "2010.04.29"]
[EventType "swiss"]
[EventRounds "8"]
[EventCountry "CAN"]

1. e4 e5 2. Nf3 Nc6 3. Bb5 a6 4. Bxc6 dxc6 5. Nc3 Bd6 6. d3 Nf6 7. Bg5 h6 8.
Bh4 g5 9. Bg3 Qe7 10. O-O Bd7 11. Re1 O-O-O 12. Qd2 Bg4 13. Re3 Nd7 14. a3 h5
15. h3 Be6 16. h4 g4 17. Nh2 Qe8 18. Rae1 Bf8 19. f4 exf4 20. Bxf4 Bc5 21. d4
Nb8 22. Rd3 Ba7 23. Bg5 Rd7 24. Bf6 Rg8 25. Rf1 Bc4 26. Rf5 Bxd3 27. Qxd3 Rg6
28. Re5 Qg8 29. Rg5 Rxg5 30. hxg5 c5 31. Nf3 gxf3 0-1

[Event "Scarborough CC LH Summer U1700"]
[Site "Toronto CAN"]
[Date "2010.06.24"]
[Round "8"]
[White "Roy, Lawrence"]
[Black "Pishdad, Hassan"]
[Result "0-1"]
[WhiteElo "760"]
[BlackElo "1380"]
[PlyCount "74"]
[EventDate "2010.04.29"]
[EventType "swiss"]
[EventRounds "8"]
[EventCountry "CAN"]

1. e4 c6 2. Nf3 e6 3. d4 d5 4. Nc3 Bb4 5. Bd2 Bxc3 6. Bxc3 Ne7 7. Bd3 a5 8. O-O
b5 9. a3 O-O 10. Re1 Qb6 11. Bf1 Nd7 12. h3 Nf6 13. exd5 cxd5 14. b4 a4 15. Rb1
Ne4 16. Re3 Nf5 17. Rd3 Qc6 18. Qe1 Ba6 19. Nh2 Rac8 20. Bd2 Qxc2 21. Rc1 Qb2
22. Rxc8 Rxc8 23. Nf3 Rc2 24. g4 Nfd6 25. Bg2 Nc4 26. Be3 Nxe3 27. Qxe3 Rxf2
28. Qf4 Rxg2+ 29. Kh1 Ng3+ 30. Qxg3 Rxg3 31. Ne1 Rxd3 32. Nxd3 Qxd4 33. Nf4
Qxf4 34. h4 Bb7 35. g5 d4+ 36. Kg1 Qf3 37. h5 Qg2# 0-1

[Event "Scarborough CC LH Summer U1700"]
[Site "Toronto CAN"]
[Date "2010.06.24"]
[Round "8"]
[White "Song, Lin"]
[Black "Zhang, John"]
[Result "1-0"]
[WhiteElo "1448"]
[BlackElo "1160"]
[PlyCount "83"]
[EventDate "2010.04.29"]
[EventType "swiss"]
[EventRounds "8"]
[EventCountry "CAN"]

1. e4 e5 2. Nf3 Nc6 3. Nc3 Nf6 4. d4 exd4 5. Nxd4 Bb4 6. Nxc6 bxc6 7. Bd3 d5 8.
exd5 cxd5 9. O-O O-O 10. Bg5 c6 11. Ne2 Bc5 12. Qd2 Bg4 13. Qc3 Qe7 14. Bxf6
gxf6 15. Qd2 Rfe8 16. Qh6 f5 17. Ng3 Qe6 18. Qxe6 fxe6 19. h3 f4 20. Ne2 Bxe2
21. Bxe2 e5 22. c3 a5 23. Kh2 Re7 24. g3 Rf8 25. gxf4 Rxf4 26. f3 Rff7 27. c4
d4 28. Bd3 Bd6 29. Be4 Rc7 30. Rg1+ Kf8 31. Rad1 Rg7 32. Rg4 Rxg4 33. hxg4 Kg7
34. g5 c5 35. Rg1 Rc8 36. g6 h6 37. Kh3 Rb8 38. b3 Rb4 39. Rd1 a4 40. Rd3 axb3
41. Rxb3 Rxb3 42. axb3 1-0

[Event "Scarborough CC LH Summer U1700"]
[Site "Toronto CAN"]
[Date "2010.06.24"]
[Round "8"]
[White "Termeer, Ted"]
[Black "Orsini, Mike"]
[Result "1-0"]
[WhiteElo "1530"]
[BlackElo "1412"]
[PlyCount "84"]
[EventDate "2010.04.29"]
[EventType "swiss"]
[EventRounds "8"]
[EventCountry "CAN"]

1. Nf3 Nc6 2. d4 e6 3. c4 b6 4. a3 g6 5. Nc3 Bg7 6. e3 Bb7 7. Be2 Na5 8. b4 Nc6
9. Bb2 Nf6 10. Qc2 O-O 11. O-O a5 12. b5 Na7 13. h3 c6 14. a4 Qe7 15. Qb3 cxb5
16. axb5 Ne4 17. Nxe4 Bxe4 18. Ba3 d6 19. Bd3 Qb7 20. Bxe4 Qxe4 21. Bxd6 Rfd8
22. Bc7 Rd7 23. Bxb6 Nc8 24. Bc5 a4 25. Qd3 Qb7 26. Qa3 Nb6 27. Nd2 Rc7 28. f3
Nd7 29. Rad1 Nxc5 30. dxc5 Bf8 31. Ne4 f5 32. Nd6 Qb8 33. Rd2 Rd7 34. Rfd1 Qd8
35. c6 Bxd6 36. Rxd6 Rxd6 37. Qxd6 Qf6 38. Qd4 Qe7 39. c5 a3 40. Ra1 Kf7 41.
Qd7 Ra7 42. Qxe7+ Kxe7 1-0

[Event "Scarborough CC LH Summer U1700"]
[Site "Toronto CAN"]
[Date "2010.06.24"]
[Round "8"]
[White "Vyravanathan, Sobiga"]
[Black "Aghamalian, Leonid"]
[Result "0-1"]
[WhiteElo "1234"]
[BlackElo "1560"]
[PlyCount "120"]
[EventDate "2010.04.29"]
[EventType "swiss"]
[EventRounds "8"]
[EventCountry "CAN"]

1. e4 e5 2. Nf3 Nc6 3. Bb5 a6 4. Ba4 Nf6 5. d3 Be7 6. Bxc6 bxc6 7. Nxe5 Bb7 8.
O-O d6 9. Nf3 O-O 10. Nc3 Re8 11. Re1 Nd7 12. e5 d5 13. e6 fxe6 14. Rxe6 Nf8
15. Re1 Ng6 16. d4 c5 17. dxc5 Bxc5 18. Rxe8+ Qxe8 19. Nxd5 Rd8 20. c4 c6 21.
Bg5 Rd7 22. Qa4 cxd5 23. cxd5 Qf7 24. Qb3 Qxd5 25. Qxd5+ Rxd5 26. h3 Rf5 27.
Bd8 Bxf3 28. gxf3 Rxf3 29. Rc1 Bxf2+ 30. Kg2 Be3 31. Re1 Rf2+ 32. Kg3 Rf8 33.
Rxe3 Rxd8 34. Ra3 Rd6 35. h4 Ne5 36. Kf4 Nd3+ 37. Kf5 Nxb2 38. Rb3 Rf6+ 39. Ke5
Nc4+ 40. Kd5 Nd2 41. Rb8+ Kf7 42. Rb7+ Kg6 43. Rb2 Nf3 44. Rg2+ Kf7 45. h5 Rf5+
46. Ke4 Kf6 47. Rf2 Ng5+ 48. Ke3 Rxf2 49. Kxf2 Kf5 50. Kg3 Ne4+ 51. Kf3 a5 52.
Ke3 Nc3 53. a3 Nb1 54. a4 Nc3 55. Kd3 Nxa4 56. Kc4 Nb6+ 57. Kb5 a4 58. Kb4 Kg5
59. h6 Kxh6 60. Kb5 a3 0-1

[Event "Scarborough CC LH Summer op"]
[Site "Toronto CAN"]
[Date "2010.04.29"]
[Round "1"]
[White "Azizi, Hamid"]
[Black "Corvo, Paul"]
[Result "0-1"]
[WhiteElo "1556"]
[BlackElo "1820"]
[PlyCount "58"]
[EventDate "2010.04.29"]
[EventType "swiss"]
[EventRounds "8"]
[EventCountry "CAN"]

1. e4 e5 2. Nf3 Nc6 3. Bc4 Nf6 4. Ng5 Bc5 5. Bxf7+ Ke7 6. Bb3 Rf8 7. O-O h6 8.
d3 hxg5 9. Bxg5 d6 10. Nc3 Nd4 11. Qh5 Nxb3 12. Nd5+ Kd7 13. Bxf6 gxf6 14. Qh7+
Kc6 15. cxb3 Be6 16. b4 Rf7 17. Qh6 Bb6 18. b5+ Kd7 19. Nb4 Qh8 20. Qxh8 Rxh8
21. g3 Rh3 22. Kg2 Rfh7 23. Rh1 Bxf2 24. Raf1 Bd4 25. b3 Bc5 26. Nc2 f5 27. Ne1
fxe4 28. dxe4 Be3 29. Rf3 Bg5 0-1

[Event "Scarborough CC LH Summer op"]
[Site "Toronto CAN"]
[Date "2010.04.29"]
[Round "1"]
[White "Bellissimo, Joseph"]
[Black "Xie, Peter"]
[Result "1-0"]
[WhiteElo "1828"]
[BlackElo "1584"]
[PlyCount "60"]
[EventDate "2010.04.29"]
[EventType "swiss"]
[EventRounds "8"]
[EventCountry "CAN"]

1. e4 e5 2. Nf3 Nc6 3. Bc4 Nf6 4. d3 Be7 5. Nc3 d6 6. O-O Na5 7. Bb3 Nxb3 8.
axb3 O-O 9. Be3 a6 10. h3 Bd7 11. Qd2 c6 12. Rfe1 b5 13. b4 Be6 14. d4 Qc7 15.
d5 cxd5 16. exd5 Bf5 17. Qe2 Qb7 18. Red1 Ne4 19. Nxe4 Bxe4 20. c4 bxc4 21.
Qxc4 f5 22. Nxe5 Rfc8 23. Nc6 Kf8 24. Rac1 Qb5 25. f3 Qxc4 26. Rxc4 f4 27. Bxf4
Bg6 28. Re1 Rc7 29. Rxe7 Rxc6 30. Rxc6 Kxe7 1-0

[Event "Scarborough CC LH Summer op"]
[Site "Toronto CAN"]
[Date "2010.04.29"]
[Round "1"]
[White "Bzikot, Robert"]
[Black "Morra, Lui"]
[Result "1-0"]
[WhiteElo "1943"]
[BlackElo "1706"]
[PlyCount "73"]
[EventDate "2010.04.29"]
[EventType "swiss"]
[EventRounds "8"]
[EventCountry "CAN"]

1. e4 c5 2. Nc3 Nc6 3. Nf3 d6 4. d4 cxd4 5. Nxd4 e5 6. Nb3 Nf6 7. Bg5 Be7 8.
Bxf6 Bxf6 9. Be2 Be6 10. Bg4 O-O 11. Bxe6 fxe6 12. O-O a6 13. a3 Qe7 14. Qd3
Rad8 15. Rad1 Bh4 16. Nd2 Nd4 17. Nc4 Qg5 18. f3 Rf7 19. Ne2 Nc6 20. Kh1 d5 21.
Ne3 Qh5 22. exd5 exd5 23. Nxd5 Nd4 24. c4 Nf5 25. g4 Qg5 26. gxf5 Rxf5 27. Ne7+
Qxe7 28. Qxf5 Rf8 29. Qg4 Bg5 30. Rd7 Qf6 31. Nc3 Qh6 32. Nd5 e4 33. f4 e3 34.
Rg1 Bf6 35. Nxf6+ Qxf6 36. Rxg7+ Kh8 37. Rg8+ 1-0

[Event "Scarborough CC LH Summer op"]
[Site "Toronto CAN"]
[Date "2010.04.29"]
[Round "1"]
[White "Hall, John"]
[Black "Armstrong, Robert J"]
[Result "1-0"]
[WhiteElo "2238"]
[BlackElo "1764"]
[PlyCount "95"]
[EventDate "2010.04.29"]
[EventType "swiss"]
[EventRounds "8"]
[EventCountry "CAN"]

1. d4 g6 2. e4 Bg7 3. c4 d6 4. Nc3 Nf6 5. Nf3 O-O 6. Be2 Nc6 7. d5 Nb4 8. O-O
c6 9. h3 a5 10. Be3 Na6 11. Rc1 Nc5 12. Bxc5 dxc5 13. Qc2 Qc7 14. Rcd1 Nh5 15.
Rfe1 Nf4 16. Bf1 Bd7 17. e5 Rad8 18. d6 exd6 19. exd6 Qc8 20. Kh2 Rfe8 21.
Rxe8+ Rxe8 22. Na4 Ne6 23. Qb3 Nd4 24. Nxd4 Bxd4 25. Qb6 Bxf2 26. Qc7 Qd8 27.
Nb6 Bxh3 28. Qxd8 Rxd8 29. gxh3 Bd4 30. d7 Bxb2 31. Re1 Kg7 32. Re8 Bf6 33. Kg2
Bh4 34. Kf3 f5 35. Kf4 Kf7 36. Rxd8 Bxd8 37. Na4 Be7 38. Nxc5 Bd6+ 39. Kf3 Ke7
40. Nxb7 Kxd7 41. Nxd6 Kxd6 42. Kf4 Kc5 43. Ke5 Kb4 44. Kd6 c5 45. a3+ Kxa3 46.
Kxc5 Kb3 47. Kb5 a4 48. c5 1-0

[Event "Scarborough CC LH Summer op"]
[Site "Toronto CAN"]
[Date "2010.04.29"]
[Round "1"]
[White "Jizan, Masoud"]
[Black "Moffat, Andrei"]
[Result "0-1"]
[WhiteElo "1772"]
[BlackElo "2289"]
[PlyCount "38"]
[EventDate "2010.04.29"]
[EventType "swiss"]
[EventRounds "8"]
[EventCountry "CAN"]

1. e4 c5 2. Nf3 Nc6 3. Bc4 e6 4. Nc3 a6 5. a3 b5 6. Ba2 Bb7 7. d4 cxd4 8. Nxd4
Qc7 9. Nce2 Nf6 10. f3 Bd6 11. g3 O-O 12. c3 Bc5 13. b4 Ba7 14. Be3 Ne5 15. O-O
d5 16. exd5 Nxd5 17. Bf4 Nxf4 18. Nxf4 Qxc3 19. Nfe2 Nxf3+ 0-1

[Event "Scarborough CC LH Summer op"]
[Site "Toronto CAN"]
[Date "2010.04.29"]
[Round "1"]
[White "Kurkowski, Ken"]
[Black "Ugodnikov, Arkadiy"]
[Result "0-1"]
[WhiteElo "1630"]
[BlackElo "1852"]
[PlyCount "78"]
[EventDate "2010.04.29"]
[EventType "swiss"]
[EventRounds "8"]
[EventCountry "CAN"]

1. d4 Nf6 2. c4 c5 3. d5 b5 4. cxb5 a6 5. Nc3 axb5 6. e4 b4 7. e5 bxc3 8. exf6
cxb2 9. Bxb2 exf6 10. Bc4 d6 11. Ne2 Be7 12. O-O O-O 13. Qc2 Nd7 14. Bd3 h6 15.
Nc3 Ba6 16. Bxa6 Rxa6 17. Rfe1 Re8 18. Nb5 Ne5 19. a4 Qc8 20. Bxe5 fxe5 21. Re3
f5 22. g3 Bf6 23. Rae1 Qd7 24. Qc4 Rea8 25. Ra3 Ra5 26. Nc3 e4 27. Rb1 Bxc3 28.
Qxc3 Rxa4 29. Rxa4 Rxa4 30. Rb8+ Kh7 31. Qb2 Ra7 32. Qb6 Qe7 33. Qc6 e3 34. Re8
exf2+ 35. Kxf2 Qf6 36. Re3 f4 37. gxf4 Qxf4+ 38. Ke2 Ra2+ 39. Kd3 Ra3+ 0-1

[Event "Scarborough CC LH Summer op"]
[Site "Toronto CAN"]
[Date "2010.04.29"]
[Round "1"]
[White "Luiting, Larry"]
[Black "Hahnewald, Uwe"]
[Result "1-0"]
[WhiteElo "1653"]
[BlackElo "1871"]
[PlyCount "31"]
[EventDate "2010.04.29"]
[EventType "swiss"]
[EventRounds "8"]
[EventCountry "CAN"]

1. e4 e5 2. Nf3 Nf6 3. Nxe5 d6 4. Nf3 Nxe4 5. d4 d5 6. Bd3 Nc6 7. O-O Be7 8.
Nc3 Bf5 9. Re1 Nxc3 10. bxc3 Bxd3 11. cxd3 O-O 12. Rb1 Rb8 13. Bf4 Re8 14. Ne5
Bd6 15. Qf3 Ne7 16. Nxf7 1-0

[Event "Scarborough CC LH Summer op"]
[Site "Toronto CAN"]
[Date "2010.04.29"]
[Round "1"]
[White "Maister, Martin"]
[Black "Gillis, Doug"]
[Result "1-0"]
[WhiteElo "1864"]
[BlackElo "1633"]
[PlyCount "135"]
[EventDate "2010.04.29"]
[EventType "swiss"]
[EventRounds "8"]
[EventCountry "CAN"]

1. c4 Nf6 2. Nc3 e6 3. Nf3 Bb4 4. g3 O-O 5. Bg2 d5 6. O-O dxc4 7. Qa4 Na6 8. a3
Bd7 9. Qc2 Bd6 10. Nd1 Bc6 11. Qxc4 Bd5 12. Qc2 Nc5 13. b4 Nb3 14. Rb1 Nxc1 15.
Rxc1 a5 16. Nc3 axb4 17. axb4 Bxb4 18. Nxd5 Nxd5 19. e4 Nf6 20. Qxc7 Qxc7 21.
Rxc7 b5 22. d3 Rfc8 23. Rfc1 Rxc7 24. Rxc7 Ra1+ 25. Bf1 Kf8 26. Rb7 Ra5 27. Ne5
Bc3 28. Nc6 Ra6 29. Nb8 Ra5 30. h3 b4 31. Nc6 Ra8 32. Nxb4 Bxb4 33. Rxb4 Nd7
34. d4 Ra1 35. Kg2 Nf6 36. e5 Nd5 37. Rb8+ Ke7 38. Bc4 Rd1 39. Rb7+ Kf8 40.
Bxd5 exd5 41. Rb4 Ke7 42. Kf3 f6 43. Ke2 Ra1 44. Rb7+ Ke6 45. Rb6+ Ke7 46.
exf6+ gxf6 47. Rb7+ Ke6 48. Rxh7 Ra2+ 49. Kf3 Ra3+ 50. Kg2 Rd3 51. Rh4 Kf7 52.
Rf4 Kg6 53. h4 Ra3 54. Kh3 Rb3 55. f3 Rb1 56. g4 Rh1+ 57. Kg3 Rg1+ 58. Kf2 Rb1
59. h5+ Kg7 60. Rf5 Kh6 61. Rxf6+ Kg5 62. Rf5+ Kh4 63. h6 Rb2+ 64. Ke3 Kg3 65.
Rxd5 Rh2 66. Rh5 Rf2 67. Rh3+ Kg2 68. Rh2+ 1-0

[Event "Scarborough CC LH Summer op"]
[Site "Toronto CAN"]
[Date "2010.04.29"]
[Round "1"]
[White "Mesiti, Silvano"]
[Black "Song, Michael"]
[Result "0-1"]
[WhiteElo "1692"]
[BlackElo "1927"]
[PlyCount "87"]
[EventDate "2010.04.29"]
[EventType "swiss"]
[EventRounds "8"]
[EventCountry "CAN"]

1. e4 c5 2. Nf3 e6 3. Nc3 Nc6 4. d4 cxd4 5. Nxd4 a6 6. Nxc6 bxc6 7. Be2 d5 8.
exd5 cxd5 9. O-O Nf6 10. Qd4 Be7 11. Bf4 O-O 12. Be5 Qa5 13. a3 Bc5 14. Qf4 Qd8
15. Bc7 Qd7 16. Na4 Ba7 17. Bd6 Re8 18. Be5 Ne4 19. Nc3 f6 20. Nxe4 fxe5 21.
Qxe5 dxe4 22. Qxe4 Bb7 23. Qg4 Qd4 24. c3 Qxg4 25. Bxg4 Rad8 26. Rad1 Kf7 27.
Rfe1 Bd5 28. Bh5+ g6 29. Be2 a5 30. Bb5 Rf8 31. Kf1 Bb3 32. Rxd8 Rxd8 33. Ke2
Kf6 34. f4 Rd5 35. Bd3 e5 36. g3 exf4 37. gxf4 Rh5 38. Kf3 Rxh2 39. Re5 a4 40.
Ra5 Bb8 41. Ra6+ Ke7 42. Rb6 Bc7 43. Rb7 Bd5+ 44. Be4 0-1

[Event "Scarborough CC LH Summer op"]
[Site "Toronto CAN"]
[Date "2010.04.29"]
[Round "1"]
[White "Paterson, Jim"]
[Black "Azmitia, Gabriel"]
[Result "1-0"]
[WhiteElo "1852"]
[BlackElo "1618"]
[PlyCount "117"]
[EventDate "2010.04.29"]
[EventType "swiss"]
[EventRounds "8"]
[EventCountry "CAN"]

1. b4 b5 2. e3 e6 3. Bb2 Bb7 4. Nf3 Nf6 5. Bxb5 c6 6. Bd3 Bxb4 7. O-O d5 8. Nc3
Nbd7 9. Ne2 O-O 10. Rb1 Rb8 11. Bxf6 Nxf6 12. Rxb4 c5 13. Ra4 c4 14. Bxc4 dxc4
15. Rxc4 Bd5 16. Ra4 Qc7 17. Nc3 Rb2 18. Nxd5 Nxd5 19. c3 a5 20. Nd4 Rd8 21.
Qc1 Rb7 22. Nb3 Ra7 23. Rh4 Qe7 24. Rh3 Rc8 25. Qc2 g6 26. Qe4 a4 27. Nd4 Rb7
28. f4 Nf6 29. Qc2 a3 30. Rb1 Qd7 31. Rxb7 Qxb7 32. Qb3 Qa6 33. Rf3 Ne4 34. Qc2
Nc5 35. Rf1 Nd3 36. Rb1 Nb2 37. h3 Kg7 38. Qe4 Nc4 39. Qc2 Nb2 40. g4 Rb8 41.
e4 Rb7 42. d3 Qd6 43. Ne2 Rc7 44. d4 f6 45. Rf1 Rb7 46. f5 Nc4 47. Qd3 Ne5 48.
Qg3 Nc4 49. Qxd6 Nxd6 50. fxg6 hxg6 51. e5 fxe5 52. dxe5 Nf7 53. Nd4 Rb2 54.
Nxe6+ Kg8 55. Rf2 Rb6 56. Nc5 Nxe5 57. Re2 Rb1+ 58. Kf2 Rb2 59. Na4 1-0